|
|
|
|
| LEADER |
00000nam a2200000Ii 4500 |
| 001 |
DIGOLEJNK0180 |
| 003 |
NyNyDIG |
| 006 |
m o d |
| 007 |
cr ||||||||||| |
| 008 |
220521s2020 cl o 000 0 spa d |
| 035 |
|
|
|a (OCoLC)1335131334
|
| 040 |
|
|
|a DGITA
|b eng
|e rda
|e pn
|c DGITA
|
| 020 |
|
|
|z 9789563929195
|
| 041 |
0 |
|
|a spa
|b spa
|b eng
|
| 043 |
|
|
|a cl-----
|
| 050 |
1 |
4 |
|a HV9310.5.A5 ebook
|
| 245 |
1 |
0 |
|a Sistemas penitenciarios en el contexto latinoamericano :
|b contextualización y desafíos /
|c Paola I. de la Rosa Rodríguez (coordinadora)
|
| 264 |
|
1 |
|a Santiago, Chile :
|b Ediciones Olejnik,
|c [2020]
|
| 300 |
|
|
|a 1 online resource.
|
| 336 |
|
|
|a text
|b txt
|2 rdacontent
|
| 337 |
|
|
|a computer
|b c
|2 rdamedia
|
| 338 |
|
|
|a online resource
|b cr
|2 rdacarrier
|
| 347 |
|
|
|a text file
|2 rdaft
|
| 347 |
|
|
|b PDF
|
| 490 |
1 |
|
|a Biblioteca de criminología
|
| 504 |
|
|
|a Includes bibliographical references.
|
| 546 |
|
|
|a Text in Spanish with abstract in Spanish and English.
|
| 588 |
0 |
|
|a Online resource; title from PDF title page (Digitalia, viewed May 21, 2022)
|
| 650 |
|
0 |
|a Prison administration
|z Latin America.
|
| 650 |
|
0 |
|a Criminals
|x Rehabilitation
|z Latin America.
|
| 650 |
|
0 |
|a Prisoners
|x Civil rights
|z Latin America.
|
| 650 |
|
0 |
|a Criminology
|z Latin America.
|
| 655 |
|
0 |
|a Electronic books.
|
| 700 |
1 |
|
|a Rosa Rodríguez, Paola Iliana de la,eeditor.
|
| 791 |
2 |
|
|a Digitalia (Firm),
|e distributor.
|
| 793 |
0 |
|
|g Digitalia eBook Collection:
|a Ediciones Olejnik
|
| 776 |
0 |
8 |
|i Print version:
|t Sistemas penitenciarios en el contexto latinoamericano.
|b Primera edición en Ediciones Olejnik.
|d Santiago, Chile : Ediciones Olejnik, 2020
|z 9789563929195
|
| 830 |
|
0 |
|a Biblioteca de criminología.
|
| 856 |
4 |
0 |
|3 Digitalia Hispánica
|u https://www.digitaliapublishing.com/a/104372/
|
| 910 |
|
|
|a Premium collection: 2022
|